MARC details
| 000 -CABECERA |
| campo de control de longitud fija |
01587pam a2200301 i 4500 |
| 001 - NÚMERO DE CONTROL |
| campo de control |
9183555 |
| 003 - IDENTIFICADOR DEL NÚMERO DE CONTROL |
| campo de control |
CaAEU |
| 005 - FECHA Y HORA DE LA ÚLTIMA TRANSACCIÓN |
| campo de control |
20250929113007.0 |
| 008 - DATOS DE LONGITUD FIJA--INFORMACIÓN GENERAL |
| campo de control de longitud fija |
191001t20192019maua b 000 0 eng d |
| 015 ## - NÚMERO DE BIBLIOGRAFÍA NACIONAL |
| Número de bibliografía nacional |
GBB9J5603 |
| Fuente |
bnb |
| 020 ## - NÚMERO INTERNACIONAL ESTÁNDAR DEL LIBRO |
| Número Internacional Estándar del Libro |
9781529391060 |
| 035 ## - NÚMERO DE CONTROL DEL SISTEMA |
| Número de control de sistema |
on1129695645 |
| 040 ## - FUENTE DE LA CATALOGACIÓN |
| Centro catalogador/agencia de origen |
UKMGB |
| Lengua de catalogación |
eng |
| Normas de descripción |
rda |
| Centro/agencia transcriptor |
UKMGB |
| Centro/agencia modificador |
OCLCO |
| -- |
OCLCF |
| -- |
UAB |
| -- |
AEU |
| 041 ## - CÓDIGO DE LENGUA |
| Código de lengua del texto/banda sonora o título independiente |
eng |
| 050 #4 - SIGNATURA TOPOGRÁFICA DE LA BIBLIOTECA DEL CONGRESO |
| Número de clasificación |
HF5385 |
| Número de documento/Ítem |
.C657 2019 |
| 100 ## - ENTRADA PRINCIPAL--NOMBRE DE PERSONA |
| Nombre de persona |
Connor, Jerry |
| Fechas asociadas al nombre |
1967- |
| Término indicativo de función/relación |
author |
| 9 (RLIN) |
25963 |
| 245 14 - MENCIÓN DE TÍTULO |
| Título |
The four greatest coaching conversations |
| Resto del título |
: change mindsets, shift attitudes, and achieve extraordinary results |
| Mención de responsabilidad, etc. |
/ Jerry Connor and Karim Hirani. |
| 246 3# - FORMA VARIANTE DE TÍTULO |
| Título propio/Titulo breve |
4 greatest coaching conversations |
| 260 ## - PUBLICACIÓN, DISTRIBUCIÓN, ETC. |
| Lugar de publicación, distribución, etc. |
Boston, MA ; |
| -- |
London : |
| Nombre del editor, distribuidor, etc. |
Nicholas Brealey Publishing, |
| Fecha de publicación, distribución, etc. |
2019. |
| 300 ## - DESCRIPCIÓN FÍSICA |
| Extensión |
xiv, 236 pages : |
| Otras características físicas |
illustrations ; |
| Dimensiones |
20 cm |
| 504 ## - NOTA DE BIBLIOGRAFÍA, ETC. |
| Nota de bibliografía, etc. |
Includes bibliographical references. |
| 520 ## - SUMARIO, ETC. |
| Sumario, etc. |
Based on data and insights from over 100k virtual and in-person coaching conversations conducted by the talented coaches of BTS Coach, comes the first book to take BTS Coach's evidence-based coaching process to a mass audience. In a concise, easy-to-understand manner, the book reveals 4 mindsets (Be, Relate, Think, Inspire) that are most critical for individuals to experience deep, meaningful change, along with the process and tools for sparking their own powerful conversations to get the best out of themselves and those around them. |
| 650 #0 - PUNTO DE ACCESO ADICIONAL DE MATERIA--TÉRMINO DE MATERIA |
| Término de materia o nombre geográfico como elemento de entrada |
Mentoring in business |
| 9 (RLIN) |
8151 |
| 650 #0 - PUNTO DE ACCESO ADICIONAL DE MATERIA--TÉRMINO DE MATERIA |
| Término de materia o nombre geográfico como elemento de entrada |
Employees |
| Subdivisión general |
Training of |
| 9 (RLIN) |
23786 |
| 650 #0 - PUNTO DE ACCESO ADICIONAL DE MATERIA--TÉRMINO DE MATERIA |
| Término de materia o nombre geográfico como elemento de entrada |
Communication in management |
| 9 (RLIN) |
2095 |
| 700 1# - ENTRADA AGREGADA--NOMBRE PERSONAL |
| Nombre de persona |
Hirani, Karim, |
| Término indicativo de función/relación |
author. |
| 942 ## - ELEMENTOS DE ENTRADA AGREGADA (KOHA) |
| Fuente del sistema de clasificación o colocación |
Clasificación de Library of Congress |